01204nam a22002537a 450000500170000001000150001702000260003203500140005803700090007203700090008108200110009010000250010124500470012625000060017326000570017927000890023630000260032549000100035150002540036194200250061599900190064095201650065995201260082420250806141901.0 aENG-146416 c391.00a9789361591440 aEN-129948 bDBAD bDBAD a53022 aRahul Sardana983853 a2025 - JEE Main Physics/cBy Rahul Sardana a2 aUttar PradeshbPearson India Education Pvt Ltdc2025 bUttar Pradesha1st FLoor, Berger Tower, Plot No. C-001A/2, Sector-16B, Noidae201301 avpp.c28cm(pb)bIndex vVol 2 aBased on the Latest JEE Main Exam Pattern | JEE Main 2024 Solved Paper | 2021 to 2023 JEE ... 2025 - JEE Main Physics Vol 2 | Based on the Latest JEE Main Exam Pattern | JEE Main 2024 Solved Paper | 2021 to 2023 JEE main Solved Question Chapter-wise 2ddccENh530mSARe2 c207200d207200 001040708NFICaLbLd2024-11-29eDelivery of Books Act Divisiong995.00l4m6o530 SARpEN-126255r2026-06-29 15:07:55s2026-05-15t1v995.00w2024-11-29yEN 001040708NFICaMbMd2025-08-06eDBAD g391.00l0o530 SARpEN-129948r2025-08-06 00:00:00t 1v391.00w2025-08-06yEN